000 00363nam a2200145Ia 4500
008 230917s9999||||xx |||||||||||||| ||und||
040 _e64991
_aMAIN
041 _aEnglish
082 _a070.1 C336M
100 _aCurran, James , ed.
245 0 _aMass communication and society
260 _aLondon
_bEdward Arnold
_c1977
300 _avi, 479 p.
942 _cBK
999 _c201063
_d201063